000 00737nam a2200277Ia 4500
005 20260324144250.0
008 008 260324s9999 xx 000 0 eng d
020 _a9780429309748
037 _aEBOOK
040 _aCRL
040 _beng
040 _cCRL
041 _2eng
041 _aeng
084 _qCRL
100 _aMartin Gross; Rolf J Langhammer; Ulrich Hiemenz; Jamuna P Agarwal
_91218685
245 4 _aThe Competitive Strength Of European, Japanese, And U.s. Suppliers On Asean Markets
260 _bTaylor and Francis
260 _c1988
365 _a
365 _b220
856 _uhttp://www.taylorfrancis.com/books/9780429309748
942 _cEBOOK
999 _c1825094
_d1825094